Guía para el reconocimiento de especies de los pastizales de sierras y mesetas occidentales de Patagonia

Guardado en:
Autor Principal: Velasco, Virginia.
Autor Corporativo: Instituto Nacional de Tecnología Agropecuaria (Argentina). Estación Experimental Agropecuaria Bariloche.
Otros Autores: Siffredi, Guillermo.
Formato: Electrónico
Idioma:Spanish
Publicado: Bariloche : Ediciones INTA, 2013.
Edición:2a ed. aum. y correg.
Materias:
Acceso en línea:Acceso a texto completo
Etiquetas: Agregar Etiqueta
Sin Etiquetas, Sea el primero en etiquetar este registro!
LEADER 00891nmm a22001815a 4500
001 EEA.libagro010701
008 160601s2013####ag#########m########spa#d
005 20200423132425.0
245 1 0 |a Guía para el reconocimiento de especies de los pastizales de sierras y mesetas occidentales de Patagonia  |h [recurso electrónico] /  |c Virginia Velasco, Guillermo Siffredi. 
250 |a 2a ed. aum. y correg. 
260 |a Bariloche :  |b Ediciones INTA,  |c 2013. 
500 |a Título tomado de inta.gob.ar (visto el 1 de junio de 2016). 
538 |a Modo de acceso: World Wide Web. 
100 1 |a Velasco, Virginia. 
700 1 |a Siffredi, Guillermo. 
710 2 |a Instituto Nacional de Tecnología Agropecuaria (Argentina).  |b Estación Experimental Agropecuaria Bariloche. 
655 7 |a Libros electrónicos. 
856 4 0 |3 Acceso a texto completo  |u http://inta.gob.ar/sites/default/files/script-tmp-inta%5Freconocimiento.pdf